Các thuật ngữ tiếng Anh trong kinh doanh bạn nên biết
Sách bao gồm hơn 1000 từ và cụm từ thiết yếu trong lĩnh vực kinh doanh, sắp xếp theo thứ tự từ A đến Z. Các thuật ngữ được giải thích theo dạng song ngữ Anh - Việt, kèm theo ví dụ minh họa.
Guardado en:
| Autor principal: | |
|---|---|
| Formato: | Libro |
| Lenguaje: | Undetermined |
| Publicado: |
Thành phố Hồ Chí Minh
Đại học Sư phạm TP.HCM
2012
|
| Materias: | |
| Etiquetas: |
Agregar Etiqueta
Sin Etiquetas, Sea el primero en etiquetar este registro!
|
| Thư viện lưu trữ: | Trung tâm Học liệu Trường Đại học Cần Thơ |
|---|
| LEADER | 00943nam a2200205Ia 4500 | ||
|---|---|---|---|
| 001 | CTU_180609 | ||
| 008 | 210402s9999 xx 000 0 und d | ||
| 020 | |c 118000 | ||
| 082 | |a 428.24 | ||
| 082 | |b Ng527 | ||
| 100 | |a Hoàng, Nguyên | ||
| 245 | 0 | |a Các thuật ngữ tiếng Anh trong kinh doanh bạn nên biết | |
| 245 | 0 | |c Hoàng Nguyên, Thanh Ly | |
| 260 | |a Thành phố Hồ Chí Minh | ||
| 260 | |b Đại học Sư phạm TP.HCM | ||
| 260 | |c 2012 | ||
| 520 | |a Sách bao gồm hơn 1000 từ và cụm từ thiết yếu trong lĩnh vực kinh doanh, sắp xếp theo thứ tự từ A đến Z. Các thuật ngữ được giải thích theo dạng song ngữ Anh - Việt, kèm theo ví dụ minh họa. | ||
| 650 | |a Business term,Thuật ngữ tiếng anh kinh doanh | ||
| 910 | |a Nguyên | ||
| 980 | |a Trung tâm Học liệu Trường Đại học Cần Thơ | ||